00309nam a2200133Ia 45000030006000000080041000060400015000471000022000622450021000842600037001053000006001425460010001480050017001580STCL150530s9999 xx 000 0 und d aSTCLcSTCL aRam Darash Mishra aIskath Kahaniyan bPrabhath Prakashan ; Delhic1984 a0 aHindi20220125171226.0